000
00302nam a2200121Ia 4500
008
190216s9999||||xx |||||||||||||| ||und||
100
_a
Dewett &satish Wadhawan
245
0
_a
Economics Of Growth And Development
260
_b
S Chand & Co
_c
1977
300
_a
719p
650
_a
Commerce
942
_c
BK
999
_c
4215
_d
4215